Figures byzantines / (Record no. 56927)

MARC details
000 -LEADER
campo de control de longitud fija 00548nam a2200193 i 4500
001 - NÚMERO DE CONTROL
campo de control 56927
003 - IDENTIFICADOR DE NÚMERO DE CONTROL
campo de control ES-MaACL
005 - FECHA Y HORA DE LA ÚLTIMA TRANSACCIÓN
campo de control 20230906163458.0
007 - CAMPO FIJO DE DESCRIPCIÓN FÍSICA--INFORMACIÓN GENERAL
campo de control de longitud fija t|
008 - DATOS DE LONGITUD FIJA--INFORMACIÓN GENERAL
campo de control de longitud fija 031014s1909 fr ||||1| fre d
100 1# - ENTRADA PRINCIPAL--NOMBRE DE PERSONA
Nombre de persona Diehl, Charles (
Fechas asociadas al nombre 1859-1914)
9 (RLIN) 44588
245 10 - MENCIÓN DEL TÍTULO
Título Figures byzantines /
Mención de responsabilidad, etc. Charles Diehl.
250 ## - MENCION DE EDICION
Mención de edición 4eme ed.
260 ## - PUBLICACIÓN, DISTRIBUCIÓN, ETC.
Lugar de publicación, distribución, etc. París :
Nombre del editor, distribuidor, etc. Paul Brodard,
Fecha de publicación, distribución, etc. 1909.
300 ## - DESCRIPCIÓN FÍSICA
Extensión 2 v. ;
Dimensiones 19 cm.
500 ## - NOTA GENERAL
Nota general El V. II pertenece a la 2ª ed., 1908.
650 #4 - PUNTO DE ACCESO ADICIONAL DE MATERIA--TÉRMINO DE MATERIA
Término de materia o nombre geográfico como elemento de entrada Bizantinos-
Subdivisión general Biografías.
9 (RLIN) 158884
852 ## - LOCALIZACIÓN
Ubicación ES-MaACL
Número de control de estantería G-15298-15299
Holdings
Estatus retirado Estado de pérdida Estado de daño No para préstamo Biblioteca de origen Biblioteca actual Ubicación en estantería Fecha de adquisición Fuente de adquisición Total de préstamos Signatura topográfica completa Código de barras Visto por última vez Precio de reemplazo Tipo de ítem Koha
        Biblioteca del Ateneo de Madrid Biblioteca del Ateneo de Madrid Sala Pecera Planta 3 17/01/2008     G-15298-15299 1059781 23/02/2023 23/02/2023 Libro impreso